Loading...
| Fine Arts - Classical Music | 5 | 16.00 | 100% | 40% | 20% |
| Fine Arts - Other Fine Arts | 5 | 16.00 | 100% | 20% | 40% |
| Fine Arts - Visual Fine Arts | 5 | 18.00 | 100% | 60% | 20% |
| Geography/Current Events | 1 | 10.00 | 100% | 0% | 0% |
| History - American History | 5 | 16.00 | 80% | 60% | 20% |
| History - European History | 6 | 20.00 | 100% | 83% | 17% |
| History - Other History | 9 | 15.56 | 78% | 67% | 11% |
| History - World History | 6 | 20.00 | 100% | 67% | 33% |
| Literature - American Literature | 8 | 13.75 | 100% | 13% | 25% |
| Literature - British Literature | 5 | 8.00 | 60% | 0% | 20% |
| Literature - European Literature | 3 | 13.33 | 100% | 0% | 33% |
| Literature - World/Other Literature | 5 | 12.00 | 80% | 20% | 20% |
| Mythology | 6 | 20.00 | 83% | 83% | 33% |
| Other Academic | 3 | 20.00 | 100% | 67% | 33% |
| Philosophy | 3 | 13.33 | 100% | 33% | 0% |
| Religion | 7 | 8.57 | 71% | 0% | 14% |
| Science - Biology | 6 | 16.67 | 83% | 67% | 17% |
| Science - Chemistry | 8 | 15.00 | 88% | 63% | 0% |
| Science - Other Science | 4 | 15.00 | 100% | 25% | 25% |
| Science - Physics | 6 | 21.67 | 100% | 83% | 33% |
| Social Science | 6 | 15.00 | 100% | 33% | 17% |